000 00309nam a22001337a 4500
008 170419b xxu||||| |||| 00| 0 eng d
020 _a9780073375311
041 _aeng
080 _27 ED
_a579
100 _a11
101 _aSHM
245 _aMICROBIOLOGY A HUMAN PERSPECTIVE
_cNESTER.E.W
942 _2udc
_cBK
999 _c11179
_d11179